000
00320nam a2200121 a 4500
008
110426s1982|||| d
245
1
0
_a
Kultúrny rozvoj Slovenska v šiestej päťročnici (1976-1980)
260
_b
Obzor
_a
Bratislava
_c
1982
044
_a
xo
_c
SK
041
_a
slo
020
_c
30
100
1
_a
Fischer, Ján
999
_c
19173
_d
19173